La educacion como base del sistema democratico /
Guardado en:
| Autor Principal: | |
|---|---|
| Formato: | Libro |
| Publicado: |
Buenos Aires :
Cuadernos De Historia, 0
|
| Materias: | |
| Etiquetas: |
Agregar Etiqueta
Sin Etiquetas, Sea el primero en etiquetar este registro!
|
| LEADER | 00503nam a22001695a 4500 | ||
|---|---|---|---|
| 001 | EHU.bham024241 | ||
| 003 | AR-BHAM | ||
| 005 | 20130507141119.0 | ||
| 008 | 130507b######################000#0#####d | ||
| 082 | 3 | 7 | |a 370 |
| 100 | 1 | |a Bueno, Norma | |
| 245 | 1 | 0 | |a La educacion como base del sistema democratico / |c Norma Bueno |
| 260 | |a Buenos Aires : |b Cuadernos De Historia, 0 | ||
| 300 | |a 26 p. | ||
| 653 | |a Educacion | ||
| 653 | |a Democracia argentina | ||
| 859 | |a AR-BHAM |b BIB. HUMANIDADES - General |h 370 |i B862 |p 71.95 |t Ej.1 | ||
